Les bases du coréen : Grammaire progressive en 99 leçons (notice n° 1994472)
[ vue normale ]
| 000 -LEADER | |
|---|---|
| fixed length control field | 01753cam a2200157 4500500 |
| 005 - DATE AND TIME OF LATEST TRANSACTION | |
| control field | 20260329050416.0 |
| 041 ## - LANGUAGE CODE | |
| Language code of text/sound track or separate title | fre |
| 042 ## - AUTHENTICATION CODE | |
| Authentication code | dc |
| 100 10 - MAIN ENTRY--PERSONAL NAME | |
| Personal name | Tcho, Hye-Young |
| Relator term | author |
| 245 00 - TITLE STATEMENT | |
| Title | Les bases du coréen : Grammaire progressive en 99 leçons |
| 260 ## - PUBLICATION, DISTRIBUTION, ETC. | |
| Name of publisher, distributor, etc. | Armand Colin,<br/> |
| Date of publication, distribution, etc. | 2021.<br/> |
| 520 ## - SUMMARY, ETC. | |
| Summary, etc. | Ce livre est le premier manuel d’apprentissage de l’ensemble de la grammaire du coréen à présenter les caractéristiques habituelles de ce type d’ouvrage : l’ordre des leçons a été pensé de manière thématique selon les méthodes couramment utilisées dans les grammaires françaises (conjugaison, morphosyntaxe, lexique, etc.). Il propose par ailleurs une progression dans la difficulté, y compris au sein même de chaque leçon, de sorte que l’ouvrage est à la fois adapté aux étudiants débutants et intermédiaires. Résultat d’une collaboration entre un diplomate français en poste en Corée et d’une enseignante coréenne en France, elle-même auteur de plusieurs manuels coréens en français, il a été conçu pour répondre aux difficultés rencontrées par l’apprenant francophone. La présentation typographique du coréen, claire et pédagogique, a été particulièrement soignée. Des encarts « Pour aller plus loin » ont été prévus pour éviter de rebuter les débutants tout en permettant aux plus avancés d’approfondir leurs connaissances. Illustré par une artiste coréenne, il offre également une initiation aux faits de civilisation qu’il faut connaître pour maîtriser la langue |
| 700 10 - ADDED ENTRY--PERSONAL NAME | |
| Personal name | Fleury, Jean-Christophe |
| Relator term | author |
| 700 10 - ADDED ENTRY--PERSONAL NAME | |
| Personal name | Shin, Hyunsun |
| Relator term | author |
| 856 41 - ELECTRONIC LOCATION AND ACCESS | |
| Uniform Resource Identifier | <a href="https://shs.cairn.info/les-bases-du-coreen--9782200630881?lang=fr&redirect-ssocas=7080">https://shs.cairn.info/les-bases-du-coreen--9782200630881?lang=fr&redirect-ssocas=7080</a> |
Pas d'exemplaire disponible.




Réseaux sociaux